Normal view
MARC view
- Pérez Torres, Vanesa
Entry Nombre Personal
001 - NUMERO DE CONTROL
- campo de control: 58777
003 - IDENTIFICADOR DE NUMERO DE CONTROL
- campo de control: MX-MxUPN
005 - FECHA Y HORA DE LA ÜLTIMA TRANSACCIÓN
- campo de control: 20260216105222.0
008 - DATOS DE LONGITUD FIJA
- campo de control de longitud fija: 260216|| aca||aabn | aaa d
040 ## - FUENTE DE CATALOGACIÓN
- Agencia original de catalogación: MX-MxUPN
- Lenguaje de catalogación: spa
- Agencia de transcripción: MX-MxUPN
100 1# - ENCABEZAMIENTO - NOMBRE PERSONAL
- Nombre personal: Pérez Torres, Vanesa
371 ## - DIRECCIÓN
- Electronic mail address: vanesa.perez@urjc.es
373 ## - GRUPO ASOCIADO
- Associated group: Universidad Rey Juan Carlos
- Fuente del término: naf
377 ## - LENGUA ASOCIADA
- Language code: spa
670 ## - FUENTE EN LA QUE SE LOCALIZARON DATOS
- Cita de la fuente: Estudios pedagógicos, vol. 51, no 2 (2025):
- Información localizada: página 309 (Vanesa Pérez Torres; Universidad Rey Juan Carlos; vanesa.perez@urjc.es)
902 ## - CATALOGADOR
- Catalogador: Víctor Ruiz/160226
